书目信息 |
| 题名: |
古今中外幽默笑话集:民间笑话
|
|
| 作者: | 英豪 主编 | |
| 分册: | ||
| 出版信息: | 北京 中国林业出版社 1998.09 |
|
| 页数: | 136页 | |
| 开本: | 32开 | |
| 丛书名: | ||
| 单 册: | ||
| 中图分类: | I17 | |
| 科图分类: | ||
| 主题词: | 民间文学--作品集--世界 | |
| 电子资源: | ||
| ISBN: | 7-5038-2078-0 | |
| 000 | 00591nam0 2200193 45 | |
| 001 | 0008040972 | |
| 005 | 20000804094438.6 | |
| 010 | @a7-5038-2078-0@d6.00元 | |
| 100 | @a20000804d1998 km y0chiy0120 ea | |
| 101 | 0 | @achi |
| 105 | @a z 000yy | |
| 200 | 1 | @a古今中外幽默笑话集:民间笑话@AGu Jin Zhong Wai You Mo Xiao Hua Ji:Min Jian Xiao Hua@f英豪 主编@FYing Hao Zhu Bian |
| 210 | @a北京@c中国林业出版社@d1998.09 | |
| 215 | @a136页@d32开 | |
| 606 | 0 | @a民间文学@x作品集@x世界 |
| 690 | @aI17@v3 | |
| 701 | 0 | @a英豪@4主编 |
| 801 | @aCN@bPftUser@c20000804 | |
| 905 | @b85042-046@dI17@eY138@f5 | |
| 古今中外幽默笑话集:民间笑话/英豪 主编.-北京:中国林业出版社,1998.09 |
| 136页;32开 |
| ISBN 7-5038-2078-0:6.00元 |
| ● |
| 相关链接 |
|
|
|
正题名:古今中外幽默笑话集:民间笑话
索取号:I17/Y138
 
预约/预借
| 序号 | 登录号 | 条形码 | 馆藏地/架位号 | 状态 | 备注 |
| 1 | 85042 | 200850427 | 文学库108/400B社科库 29排2列4层/ [索取号:I17/Y138] | 在馆 | |
| 2 | 85043 | 200850436 | 文学库108/ [索取号:I17/Y138] | 在馆 | |
| 3 | 85044 | 200850445 | 社科二线400B/400B社科库 10排2列1层/ [索取号:I17/Y138] | 在馆 | |
| 4 | 85045 | 200850454 | 社科二线400B/400B社科库 10排2列1层/ [索取号:I17/Y138] | 在馆 | |
| 5 | 85046 | 200850463 | 社科二线400B/400B社科库 17排2列5层/ [索取号:I17/Y138] | 在馆 |